La Iglesia en San Pablo

Збережено в:
Бібліографічні деталі
Автор: Cerfaux, Lucien (Автор)
Формат: Книга
Мова:Іспанська
Опубліковано: Bilbao Desclée de Brouwer 1959
Серія:Colección Veritas et Justitia, 6
Предмети:
Теги: Додати тег
Немає тегів, Будьте першим, хто поставить тег для цього запису!

MARC

LEADER 00000nam a2200000 a 4500
001 UCL3978
003 CL-VaPUC
008 031219e19590000SP |||||||||||||||||spa|d
082 0 4 |a 227  |b CER  |2 21 
100 0 |a Cerfaux, Lucien  |e author  |9 481423 
245 1 3 |a La Iglesia en San Pablo 
300 |a 333 p 
942 |c BK 
945 |d 20031219 00:00:00  |a vberengu 
260 |a Bilbao  |b Desclée de Brouwer  |c 1959 
600 0 |a Pablo de Tarso, Santo  |9 321163 
600 0 7 |a CERFAUX, LUCIEN  |2 CL-VaPUC  |9 481424 
583 |a last modification  |c 20031219 00:00:00  |k Rodrigo Vera 
490 0 |a Colección Veritas et Justitia, 6 
999 |c 306942  |d 306940 
952 |0 0  |1 0  |4 0  |6 227_000000000000000_CER_1959  |7 0  |8 A  |9 372386  |a BIBTEO  |b BIBTEO  |d 2019-11-21  |i 2098547  |o 227 CER 1959  |p 2098547  |r 2025-01-17  |w 2019-11-21  |y BK  |k ICR